Tissue culture as a plant production system for horticultural crops / (Record no. 66826)
[ view plain ]
| 000 -LEADER | |
|---|---|
| fixed length control field | 01347nam a2200313 a 4500 |
| 001 - CONTROL NUMBER | |
| control field | 66826 |
| 003 - CONTROL NUMBER IDENTIFIER | |
| rucl marc code | BD-RjUL |
| 005 - DATE AND TIME OF LATEST TRANSACTION | |
| control field | 20211209081600.0 |
| 008 - FIXED-LENGTH DATA ELEMENTS--GENERAL INFORMATION | |
| fixed length control field | 170320r19901986ne a b 100 0 eng |
| 020 ## - INTERNATIONAL STANDARD BOOK NUMBER | |
| International Standard Book Number | 9024733782 |
| 035 ## - SYSTEM CONTROL NUMBER | |
| System control number | (BD-RjUL)66957 |
| 040 ## - CATALOGING SOURCE | |
| Original cataloging agency | DLC |
| Transcribing agency | DLC |
| Modifying agency | BD-RjUL |
| Language of cataloging | eng |
| 041 ## - LANGUAGE CODE | |
| Language code of text/sound track or separate title | eng |
| 082 00 - DEWEY DECIMAL CLASSIFICATION NUMBER | |
| Classification number | 635 |
| Edition number | 23 |
| Author mark and year | TIS 1990 |
| 111 2# - MAIN ENTRY--MEETING NAME | |
| Meeting name or jurisdiction name as entry element | Conference on Tissue Culture as a Plant Production System for Horticultural Crops |
| Date of meeting | (1985 : |
| Location of meeting | Beltsville, Md.) |
| 9 (RLIN) | 197888 |
| 245 00 - TITLE STATEMENT | |
| Title | Tissue culture as a plant production system for horticultural crops / |
| Statement of responsibility, etc. | Richard H. Zimmerman ... [et al.]. |
| 260 ## - PUBLICATION, DISTRIBUTION, ETC. (IMPRINT) | |
| Place of publication, distribution, etc. | Boston : |
| Name of publisher, distributor, etc. | M. Nijhoff , |
| Date of publication, distribution, etc. | 1986 [ Reprinted 1990 ]. |
| 300 ## - PHYSICAL DESCRIPTION | |
| Pagination | x, 371 p. : |
| Illustrations | ill. ; |
| Size | 25 cm. |
| 500 ## - GENERAL NOTE | |
| General note | Conference on Tissue Culture as a Plant Production System for Horticultural Crops, Beltsville, MD, October 20-23, 1985 |
| 504 ## - BIBLIOGRAPHY, ETC. NOTE | |
| Bibliography, etc | Includes bibliographies. |
| 650 #0 - SUBJECT ADDED ENTRY--TOPICAL TERM | |
| Topical term or geographic name as entry element | Horticultural crops |
| Form subdivision | Congresses. |
| 9 (RLIN) | 197859 |
| Topical term or geographic name as entry element | Horticultural crops |
| General subdivision | Biotechnology |
| Form subdivision | Congresses. |
| 9 (RLIN) | 197860 |
| Topical term or geographic name as entry element | Plant tissue culture |
| Form subdivision | Congresses. |
| 9 (RLIN) | 112884 |
| 700 1# - ADDED ENTRY--PERSONAL NAME | |
| Personal name | Zimmerman, Richard H. |
| Fuller form of name | (Richard Hale), |
| Dates associated with a name | 1934- |
| 830 ## - SERIES ADDED ENTRY--UNIFORM TITLE | |
| Uniform title | Current plant science and biotechnology in agriculture |
| 942 ## - ADDED ENTRY ELEMENTS (KOHA) | |
| Source of classification or shelving scheme | Dewey Decimal Classification |
| Koha item type | Books |
| Lost status | Source of classification or shelving scheme | Damaged status | Not for loan | Collection code | Permanent Location | Current Location | Shelving location | Date acquired | Source of acquisition | Cost, normal purchase price | Total Checkouts | Full call number | Date last seen | Copy number | Koha item type |
|---|---|---|---|---|---|---|---|---|---|---|---|---|---|---|---|
| Dewey Decimal Classification | Not For Loan | Non-fiction | Central Library, University of Rajshahi | Central Library, University of Rajshahi | Reading Room | 03/10/1991 | Abacus | 35.95 | 635 TIS 1990 | 20/03/2017 | C-1 | Books |